<?xml version="1.0" encoding="utf-8"?>
<?xml-stylesheet type='text/xsl' href='./oai2.xsl'?>
<OAI-PMH xmlns="http://www.openarchives.org/OAI/2.0/" xmlns:xsi="http://www.w3.org/2001/XMLSchema-instance" xsi:schemaLocation="http://www.openarchives.org/OAI/2.0/ http://www.openarchives.org/OAI/2.0/OAI-PMH.xsd">
  <responseDate>2026-06-06T00:37:12Z</responseDate>
  <request verb="GetRecord" metadataPrefix="marcxml" identifier="record_kuniweb_21868">https://kulturerbe.niedersachsen.de/oai</request>
  <GetRecord>
    <record>
      <header>
        <identifier>record_kuniweb_21868</identifier>
        <datestamp>2015-06-19T12:07:43Z</datestamp>
        <setSpec>slg0103</setSpec>
      </header>
      <metadata>
        <marc:record xmlns:marc="http://www.loc.gov/MARC21/slim" xsi:schemaLocation="http://www.loc.gov/MARC21/slim http://www.loc.gov/standards/marcxml/schema/MARC21slim.xsd">
          <marc:leader>12345nem  22     uu 4500</marc:leader>
          <marc:controlfield tag="001">21868</marc:controlfield>
          <marc:controlfield tag="003">http://kuniweb.gbv.de</marc:controlfield>
          <marc:controlfield tag="005">2015-04-12T17:55:04</marc:controlfield>
          <marc:controlfield tag="008">|           ||||||||||||||||||||||</marc:controlfield>
          <marc:datafield tag="245" ind1="1" ind2="0">
            <marc:subfield code="a">Tavola della Gallia – Tabula Europae III.</marc:subfield>
          </marc:datafield>
          <marc:datafield tag="700" ind1="1" ind2=" ">
            <marc:subfield code="a">Gastaldi</marc:subfield>
            <marc:subfield code="d">* 1500 † 1566</marc:subfield>
            <marc:subfield code="e">Vorbild / Ideengeber</marc:subfield>
          </marc:datafield>
          <marc:datafield tag="700" ind1="1" ind2=" ">
            <marc:subfield code="a">Magini</marc:subfield>
            <marc:subfield code="d">* 1555 † 1617</marc:subfield>
            <marc:subfield code="e">Zeichner</marc:subfield>
          </marc:datafield>
          <marc:datafield tag="700" ind1="1" ind2=" ">
            <marc:subfield code="a">Ptolemaeus</marc:subfield>
            <marc:subfield code="e">Vorbild / Ideengeber</marc:subfield>
          </marc:datafield>
          <marc:datafield tag="700" ind1="1" ind2=" ">
            <marc:subfield code="a">Porro</marc:subfield>
            <marc:subfield code="d">* 1520 † 1604</marc:subfield>
            <marc:subfield code="e">Kupferstecher</marc:subfield>
          </marc:datafield>
          <marc:datafield tag="655" ind1=" " ind2="7">
            <marc:subfield code="a">Karten</marc:subfield>
          </marc:datafield>
          <marc:datafield tag="046" ind1=" " ind2=" ">
            <marc:subfield code="k">1596</marc:subfield>
            <marc:subfield code="k">Zeichnung entstand 1596</marc:subfield>
          </marc:datafield>
          <marc:datafield tag="260" ind1=" " ind2=" ">
            <marc:subfield code="g">1596</marc:subfield>
            <marc:subfield code="g">Zeichnung entstand 1596</marc:subfield>
          </marc:datafield>
          <marc:datafield tag="300" ind1=" " ind2=" ">
            <marc:subfield code="a">Breite: 16,5 cm (bis 12.00 (Trapez))
Höhe: 12,5 cm</marc:subfield>
          </marc:datafield>
          <marc:datafield tag="520" ind1=" " ind2=" ">
            <marc:subfield code="a">Maßstäbe (in cm): ohne
Ausrichtung: Norden
Rückseite: Karte „Germania Magna“ (siehe Karte Deutschland 05)

Anmerkungen: 
Am linken und rechten Rand der Karte sind für die Parallelkreise 13 bis 17 die längsten Tageslängen in Stunden von 15¼ bis 17 eingetragen. 

Veröffentlicht in:
als Blatt 4 (Vorderseite) im zweiten Teil des Buches „Geografia cio è descrittione universale della terra. Partita in due volumini. Nel primo de’quali si contengono gli Otto Libri della Geografia di Cl. Tolomeo ... Nel Secondo sisono poste XXVII. Tavole Antique di Tolomeo, &amp; XXXVII. altre Moderne...“ von Giovanni Antonio Magini, bei Gebrüdern Giovanni Battista und Giorgio Calignani, Venedig 1597/98

Literatur in Zusammenhang:
K. -H. Meine, „Die Ulmer Geographia des Ptolemäus von 1482 : zur 500. Wiederkehr der ersten Atlasdrucklegung nördlich der Alpen ; Ulm, Schwörhaus, 11. Oktober bis 30. November 1982. Veröffentlichungen der Stadtbibliothek Ulm ; 2“. Konrad, Weißenhorn, 1982. (S. 28, 68 f.)

Literatur in Zusammenhang:
P. H. Meurer, „Atlantes Colonienses : d. Kölner Schule d. Atlaskartographie ; 1570 - 1610. Fundamenta cartographica historica ; 1“. Pfaehler, Bad Neustadt a.d. Saale, 1988.</marc:subfield>
          </marc:datafield>
          <marc:datafield tag="650" ind1="1" ind2=" ">
            <marc:subfield code="a">Landkarte</marc:subfield>
          </marc:datafield>
          <marc:datafield tag="773" ind1="0" ind2=" ">
            <marc:subfield code="t">Sammlung Körber-Einbeck</marc:subfield>
          </marc:datafield>
          <marc:datafield tag="852" ind1=" " ind2=" ">
            <marc:subfield code="a">Institut für Historische Landesforschung der Universität Göttingen</marc:subfield>
          </marc:datafield>
          <marc:datafield tag="" ind1=" " ind2=" ">
            <marc:subfield code="a">Namensnennung-Nicht kommerziell 4.0 International (CC BY-NC 4.0))</marc:subfield>
          </marc:datafield>
        </marc:record>
      </metadata>
    </record>
  </GetRecord>
</OAI-PMH>
